| 000 | 00974nam a22003017a 4500 | ||
|---|---|---|---|
| 001 | 200461822 | ||
| 003 | TR-AnTOB | ||
| 005 | 20250513094158.0 | ||
| 008 | 240716b tu ||||| |||| 00| 0 tur d | ||
| 020 | _a9786050821390 | ||
| 040 |
_aTR-AnTOB _beng _erda _cTR-AnTOB |
||
| 041 | _atur | ||
| 092 |
_a813.42 _bORA 2016 |
||
| 100 | 1 |
_aOrakçı, Mustafa _9139887 |
|
| 245 |
_a Levent Eskişehir'de : _bTürkiye'yi geziyorum 4 / _cMustafa Orakçı ; resimleyen: Derya Işık Özbay ; editör : Gökçen Yüksel Karaca |
||
| 250 | _a3.bs. | ||
| 260 |
_aİstanbul : _bTimaş çocuk ; _c2016. |
||
| 300 |
_a300 Pages. : _bill. ; _c20 cm. |
||
| 336 |
_atext _btxt _2rdacontent |
||
| 337 |
_aunmediated _bn _2rdamedia |
||
| 338 |
_avolume _bnc _2rdacarrier |
||
| 653 | _a Türk edebiyatı | ||
| 700 | 1 |
_aÖzbay, Derya Işık _eillustrator _9145924 |
|
| 700 | 1 |
_aKaraca, Gökçen Yüksel _9146254 |
|
| 942 |
_2ddc _cBK |
||
| 999 |
_c200461822 _d80034 |
||